[Event "Cto Equipos Aragon 2013 Div. Honor II"]
[Site "Aragon"]
[Date "2013.02.23"]
[Round "5.24"]
[White "Maza Broto, Pablo"]
[Black "Escuer Sanchez, Nestor"]
[Result "1-0"]
[WhiteElo "2037"]
[BlackElo "2063"]
[PlyCount "37"]
[EventDate "2013.??.??"]
[EventType "tourn"]
[EventRounds "7"]
[EventCountry "ESP"]
[WhiteTeam "Jaime Casas"]
[BlackTeam "L`Aurora Estadilla"]

1. Nf3 e6 2. c4 f5 3. Nc3 Nf6 4. d4 d5 5. Bg5 c6 6. e3 Bd6 7. Qc2 O-O 8. cxd5
cxd5 9. Be2 b6 10. O-O Ba6 11. Nb5 Bxb5 12. Bxb5 a6 13. Bd3 b5 14. Rfc1 Qb6 15.
Bxf6 gxf6 16. g4 fxg4 17. Bxh7+ Kh8 18. Nh4 Rf7 19. Qg6 1-0

[Event "Cto Equipos Aragon 2013 Div. Honor II"]
[Site "Aragon"]
[Date "2013.02.23"]
[Round "5.25"]
[White "Trigo Conde, Isaac"]
[Black "Carretero Cacho, Juan Jose"]
[Result "1-0"]
[WhiteElo "2270"]
[BlackElo "2139"]
[PlyCount "87"]
[EventDate "2013.??.??"]
[EventType "tourn"]
[EventRounds "7"]
[EventCountry "ESP"]
[WhiteTeam "Actur Rey Fernando"]
[BlackTeam "Agrupacion B"]

1. c4 Nf6 2. d4 e5 3. dxe5 Ng4 4. Nf3 Bc5 5. e3 Nc6 6. Nc3 O-O 7. Be2 Ncxe5 8.
Nxe5 Nxe5 9. O-O Re8 10. Ne4 Bf8 11. Ng3 a5 12. b3 Ra6 13. f4 Ng6 14. e4 Bc5+
15. Kh1 a4 16. Bb2 axb3 17. axb3 d6 18. Nh5 f6 19. Bd3 Rxa1 20. Bxa1 Rf8 21.
Qf3 Qd7 22. h3 Qf7 23. Bc3 Bd7 24. b4 Ba7 25. e5 Bc6 26. Qg3 fxe5 27. c5 dxc5
28. f5 cxb4 29. Bxb4 Nf4 30. Bc4 Bd5 31. Bxd5 Nxd5 32. Bxf8 Kxf8 33. f6 g6 34.
Qa3+ Kg8 35. Qxa7 gxh5 36. Qa8+ Qf8 37. f7+ Kg7 38. Qxb7 Nf4 39. Qxc7 Ng6 40.
Qc6 Nf4 41. Qe8 Ng6 42. Qe6 h4 43. Qf6+ Kh6 44. Rf2 1-0

[Event "Cto Equipos Aragon 2013 Div. Honor II"]
[Site "Aragon"]
[Date "2013.02.23"]
[Round "5.26"]
[White "Larrosa Poves, Jose Manuel"]
[Black "Lopez Caudevilla, David"]
[Result "1-0"]
[WhiteElo "1983"]
[BlackElo "2018"]
[PlyCount "98"]
[EventDate "2013.??.??"]
[EventType "tourn"]
[EventRounds "7"]
[EventCountry "ESP"]
[WhiteTeam "Agrupacion B"]
[BlackTeam "Actur Rey Fernando"]

1. d4 Nf6 2. c4 g6 3. Nc3 Bg7 4. e4 O-O 5. Bg5 h6 6. Bh4 d6 7. Qd2 c5 8. d5 a6
9. Bd3 Nbd7 10. f4 Rb8 11. Nf3 Qc7 12. a4 Re8 13. O-O Nf8 14. Rae1 Bg4 15. h3
Bxf3 16. Rxf3 N6d7 17. e5 dxe5 18. f5 g5 19. Bxg5 hxg5 20. Qxg5 Nh7 21. Qg4
Ndf6 22. Qh4 Kh8 23. g4 Rg8 24. Kh1 e4 25. Bxe4 Nxe4 26. Nxe4 Bf6 27. Nxf6 exf6
28. Rfe3 Qf4 29. b3 Kg7 30. Kg2 Ng5 31. Qg3 Qxg3+ 32. Kxg3 Rgd8 33. Re7 Kf8 34.
h4 Nh7 35. Rc7 Rdc8 36. Ree7 Rxc7 37. Rxc7 b6 38. Kf4 Kg8 39. g5 fxg5+ 40. hxg5
f6 41. gxf6 Nxf6 42. Ke5 Ng4+ 43. Ke6 Re8+ 44. Re7 Rf8 45. d6 Rf6+ 46. Kd5
Rxf5+ 47. Kc6 Rf6 48. Kc7 Nh6 49. d7 Nf7 1-0

[Event "Cto Equipos Aragon 2013 Div. Honor II"]
[Site "Aragon"]
[Date "2013.02.23"]
[Round "5.28"]
[White "Martinez Crespo, Juan"]
[Black "Aviol Perez, Jose Mariano"]
[Result "0-1"]
[WhiteElo "1857"]
[BlackElo "1937"]
[PlyCount "42"]
[EventDate "2013.??.??"]
[EventType "tourn"]
[EventRounds "7"]
[EventCountry "ESP"]
[WhiteTeam "Agrupacion B"]
[BlackTeam "Actur Rey Fernando"]

1. e4 d6 2. d4 Nf6 3. Nc3 g6 4. Bc4 Bg7 5. Qe2 Nc6 6. f3 Nd7 7. Be3 Nb6 8.
O-O-O Nxc4 9. Qxc4 O-O 10. h4 h6 11. Nh3 e5 12. d5 Nd4 13. Nf2 c6 14. dxc6 bxc6
15. Ng4 Be6 16. Qa4 h5 17. Nf2 Qb6 18. Qa3 Nb3+ 19. axb3 Qxe3+ 20. Rd2 Bh6 21.
f4 Bxf4 0-1

[Event "Cto Equipos Aragon 2013 Div. Honor II"]
[Site "Aragon"]
[Date "2013.02.23"]
[Round "5.29"]
[White "Gomez Anadon, Daniel"]
[Black "Villuendas Valero, Adrian"]
[Result "1/2-1/2"]
[WhiteElo "2232"]
[BlackElo "2301"]
[PlyCount "62"]
[EventDate "2013.??.??"]
[EventType "tourn"]
[EventRounds "7"]
[EventCountry "ESP"]
[WhiteTeam "St. Casablanca B"]
[BlackTeam "Ramiro"]

1. d4 Nf6 2. Nf3 d5 3. e3 c5 4. c3 e6 5. Bd3 Nc6 6. O-O Bd6 7. Nbd2 O-O 8. dxc5
Bxc5 9. e4 Qc7 10. Qe2 h6 11. Bc2 Rd8 12. h3 Bf8 13. Re1 b6 14. e5 Nd7 15. Nb3
Nc5 16. Nbd4 Ba6 17. Qe3 Na5 18. Nh2 Nc6 19. Bd2 Ne4 20. Bxe4 dxe4 21. Qxe4
Nxd4 22. cxd4 Qc4 23. Be3 Rac8 24. Nf3 Qc2 25. Qg4 Kh8 26. b3 Ba3 27. Qf4 Kg8
28. Bc1 Bb4 29. Bd2 Ba3 30. Bc1 Bb4 31. Bd2 Ba3 1/2-1/2

[Event "Cto Equipos Aragon 2013 Div. Honor II"]
[Site "Aragon"]
[Date "2013.02.23"]
[Round "5.30"]
[White "Sacristan Latorre, Alberto"]
[Black "Gimenez Martinez, Alberto"]
[Result "0-1"]
[WhiteElo "2063"]
[BlackElo "2171"]
[PlyCount "94"]
[EventDate "2013.??.??"]
[EventType "tourn"]
[EventRounds "7"]
[EventCountry "ESP"]
[WhiteTeam "Ramiro"]
[BlackTeam "St. Casablanca B"]

1. e4 c5 2. Ne2 d6 3. g3 Nf6 4. Bg2 Nc6 5. c3 e6 6. d4 Be7 7. O-O O-O 8. h3 d5
9. exd5 Nxd5 10. dxc5 Bxc5 11. Nd2 Nf6 12. Nb3 Bb6 13. Qxd8 Bxd8 14. Nbd4 Ne5
15. b3 Be7 16. c4 Ng6 17. Be3 Bc5 18. Rfd1 Bb6 19. Rac1 e5 20. Nc2 Bxe3 21.
Nxe3 Rb8 22. Nc3 b6 23. Ncd5 Nxd5 24. Nxd5 Bb7 25. Rd2 f6 26. Rcd1 Rf7 27. h4
Ne7 28. Bh3 Bxd5 29. cxd5 f5 30. Bf1 Rf6 31. a4 Rd6 32. Bc4 Kf7 33. Re2 e4 34.
g4 g6 35. Kg2 Rbd8 36. Red2 Kf6 37. f3 Ke5 38. fxe4 fxe4 39. Rd4 Nxd5 40. Bxd5
Rxd5 41. Rxd5+ Rxd5 42. Rc1 Rd2+ 43. Kg1 Kf4 44. g5 e3 45. Rc7 Kf3 46. Rf7+ Kg3
47. Kf1 Rf2+ 0-1

[Event "Cto Equipos Aragon 2013 Div. Honor II"]
[Site "Aragon"]
[Date "2013.02.23"]
[Round "5.31"]
[White "Arregui Untoria, Carlos"]
[Black "Colom Sienes, Eduardo"]
[Result "1/2-1/2"]
[WhiteElo "2101"]
[BlackElo "2028"]
[PlyCount "86"]
[EventDate "2013.??.??"]
[EventType "tourn"]
[EventRounds "7"]
[EventCountry "ESP"]
[WhiteTeam "St. Casablanca B"]
[BlackTeam "Ramiro"]

1. d4 e6 2. c4 b6 3. Nf3 Bb7 4. g3 Bxf3 5. exf3 d5 6. Nc3 Nf6 7. cxd5 exd5 8.
Bh3 Be7 9. O-O O-O 10. Be3 h6 11. Rc1 c5 12. Qa4 Nbd7 13. Nxd5 Nxd5 14. Bxd7
Nxe3 15. fxe3 cxd4 16. exd4 Bf6 17. d5 b5 18. Qxb5 Rb8 19. Qa4 Rxb2 20. Qxa7
Rd2 21. Qb7 Qa5 22. Rcd1 Qxa2 23. Rxd2 Qxd2 24. Bc6 Rd8 25. Qb3 Bc3 26. Qd1
Qe3+ 27. Kh1 Bb4 28. f4 Qe4+ 29. Qf3 Qxf3+ 30. Rxf3 Rb8 31. Kg2 Bd6 32. Re3
Rb2+ 33. Kh3 h5 34. Re1 Rd2 35. Re4 Bc5 36. Re1 g6 37. Rh1 Kh7 38. Re1 Kh6 39.
Rh1 f6 40. Re1 Bf2 41. Rf1 Bc5 42. Re1 Bf2 43. Rf1 Bc5 1/2-1/2

[Event "Cto Equipos Aragon 2013 Div. Honor II"]
[Site "Aragon"]
[Date "2013.02.23"]
[Round "5.32"]
[White "Palacios Herrero, Pablo"]
[Black "Cebollada Pacheco, Jesus Raul"]
[Result "1/2-1/2"]
[WhiteElo "1963"]
[BlackElo "2030"]
[PlyCount "174"]
[EventDate "2013.??.??"]
[EventType "tourn"]
[EventRounds "7"]
[EventCountry "ESP"]
[WhiteTeam "Ramiro"]
[BlackTeam "St. Casablanca B"]

1. e4 e5 2. Nf3 Nc6 3. Bb5 a6 4. Bxc6 dxc6 5. d4 exd4 6. Qxd4 Qxd4 7. Nxd4 Bd7
8. Be3 O-O-O 9. Nd2 Re8 10. O-O-O Ne7 11. Rhe1 Ng6 12. f3 h5 13. Nc4 c5 14. Nb3
b6 15. Bg1 Bb5 16. Ne3 Nf4 17. Rd2 g6 18. Nd5 Bd6 19. Nxb6+ Kb8 20. Nd5 Nxd5
21. Rxd5 f5 22. Bxc5 Bxh2 23. Nd2 Bg3 24. Rd1 Bc6 25. Rd4 Kc8 26. exf5 gxf5 27.
Nf1 Be5 28. Rb4 Rhg8 29. Ne3 f4 30. Nc4 Rxg2 31. Nd2 h4 32. Nc4 Bxf3 33. Rd3
Be2 34. Rh3 Bf6 35. Nd2 Bg4 36. Rh1 Ree2 37. Ne4 Rxc2+ 38. Kb1 Bxb2 39. Ba7 Ba3
40. Rb8+ Kd7 41. Nf6+ Ke6 42. Nxg4 Rce2 43. Re8+ Kf5 44. Rxe2 Rxe2 45. Nf2 Rb2+
46. Ka1 Rb7 47. Bd4 Be7 48. Re1 Bd6 49. Re8 Rb4 50. Bb2 Rc4 51. Kb1 f3 52. Bc1
Bc5 53. Nd3 Bd4 54. Rf8+ Ke4 55. Ne1 f2 56. Rf4+ Kd5 57. Nd3 h3 58. Nxf2 Rxc1+
59. Kxc1 Be3+ 60. Kc2 Bxf4 61. Nxh3 Be3 62. Kd3 Bc1 63. Nf2 c5 64. Kc3 Be3 65.
Nd3 Bd4+ 66. Kc2 Kc4 67. Nc1 a5 68. Nb3 a4 69. Nd2+ Kb4 70. Nb1 Ba1 71. a3+ Kc4
72. Nd2+ Kd4 73. Nf3+ Kd5 74. Kb1 Bc3 75. Kc2 Ba5 76. Ng1 Bc7 77. Ne2 Be5 78.
Nc1 Kc4 79. Nd3 Bf6 80. Nf4 Be7 81. Ne2 Bf6 82. Nf4 Kd4 83. Nd3 Kc4 84. Nf4 Be7
85. Ne2 Kb5 86. Nc3+ Ka5 87. Nd5 Bf8 1/2-1/2

[Event "Cto Equipos Aragon 2013 Preferente I"]
[Site "Aragon"]
[Date "2013.01.23"]
[Round "5.33"]
[White "Soriano Ascaso, Ignacio"]
[Black "Rodriguez Leiva, Manuel"]
[Result "1-0"]
[WhiteElo "2131"]
[BlackElo "2034"]
[PlyCount "85"]
[EventDate "2013.??.??"]
[EventType "tourn"]
[EventRounds "9"]
[EventCountry "ESP"]
[WhiteTeam "Sabiñanigo"]
[BlackTeam "Jaime Casas B"]
[TimeControl "40/2400:40/2400:2400"]

{600MB, Fritz12.ctg, TOSHIBA} 1. b3 {[%emt 0:00:00]} e5 {[%emt 0:00:00]} 2. Bb2
{[%emt 0:00:06]} Nc6 {[%emt 0:00:00]} 3. e3 {[%emt 0:00:00]} Nf6 4. Bb5 d6 5.
Ne2 a6 6. Bxc6+ bxc6 7. O-O Be7 8. d4 e4 9. c4 d5 10. Qc2 O-O 11. Ba3 Bd6 12.
Bxd6 Qxd6 13. cxd5 cxd5 14. Rc1 Bg4 15. Ng3 Rfc8 16. h3 Bd7 17. Qc5 Qe6 18. Nc3
h5 19. Nxh5 Nxh5 20. Nxd5 Nf6 21. Nxc7 Rxc7 22. Qxc7 Nd5 23. Qa5 Rb8 24. Rc5
Nb4 25. Re5 Qg6 26. Rg5 Qf6 27. Qe5 Rb6 28. Qxf6 Rxf6 29. Rc1 Nxa2 30. Rc7 Rd6
31. Re5 Be6 32. Rxe4 Bxb3 33. Re8+ Kh7 34. Rb8 Be6 35. f4 a5 36. g4 a4 37. f5
Bb3 38. Rcc8 g6 39. f6 g5 40. e4 Rxd4 41. e5 Rd1+ 42. Kf2 Rd2+ 43. Ke3 1-0

[Event "Cto Equipos Aragon 2013 Preferente I"]
[Site "Aragon"]
[Date "2013.02.24"]
[Round "5.34"]
[White "Buil Rello, Jose Antonio"]
[Black "Pardo Calvo, Carlos"]
[Result "1-0"]
[WhiteElo "1982"]
[BlackElo "1818"]
[PlyCount "79"]
[EventDate "2013.??.??"]
[EventType "tourn"]
[EventRounds "9"]
[EventCountry "ESP"]
[WhiteTeam "Jaime Casas B"]
[BlackTeam "Sabiñanigo"]

1. e4 c5 2. Nf3 d6 3. d4 cxd4 4. Nxd4 Nf6 5. f3 Nc6 6. c4 e6 7. Nc3 Be7 8. Be3
O-O 9. Qc2 Nxd4 10. Bxd4 e5 11. Be3 a6 12. Be2 Be6 13. O-O Rc8 14. b3 Qc7 15.
Rac1 Bd7 16. Rfd1 Rfd8 17. g3 Bc6 18. Bf1 Bf8 19. Qf2 Qe7 20. Bb6 Re8 21. Bh3
Bd7 22. Bf1 g6 23. a4 Bh6 24. Rc2 Be6 25. a5 Nh5 26. Re2 Rc6 27. Ree1 Bg7 28.
Rd3 Rf8 29. Red1 f5 30. Qd2 fxe4 31. Nxe4 Bf5 32. Rxd6 Bxe4 33. fxe4 Bh6 34.
Qd5+ Kh8 35. Rxc6 bxc6 36. Qd6 Qf6 37. Qxf6+ Nxf6 38. Bg2 Ng4 39. Rd3 Rf6 40.
h3 1-0

[Event "Cto Equipos Aragon 2013 Preferente I"]
[Site "Aragon"]
[Date "2013.02.23"]
[Round "5.36"]
[White "Olivan Alvira, Alejandro"]
[Black "Paño Pinilla, Ernesto"]
[Result "1/2-1/2"]
[WhiteElo "1568"]
[BlackElo "1565"]
[PlyCount "60"]
[EventDate "2013.??.??"]
[EventType "tourn"]
[EventRounds "9"]
[EventCountry "ESP"]
[WhiteTeam "Jaime Casas B"]
[BlackTeam "Sabiñanigo"]

1. d4 Nf6 2. Nf3 g6 3. Bf4 Bg7 4. e3 O-O 5. Bd3 d6 6. h3 Nc6 7. c3 e5 8. dxe5
dxe5 9. Nxe5 Nxe5 10. Bxe5 Qd5 11. Bxc7 Qxg2 12. Rh2 Qc6 13. Be5 Rd8 14. Bd4
Ne4 15. Nd2 Qd6 16. Nf3 Bxd4 17. exd4 Ng5 18. Rg2 Re8+ 19. Kf1 Nxh3 20. Qd2 Nf4
21. Rh2 Bh3+ 22. Rxh3 Nxh3 23. Qh6 Qe6 24. Ne5 Ng5 25. Qxg5 Qh3+ 26. Qg2 Qxg2+
27. Kxg2 Rad8 28. Bc4 Kg7 29. Bxf7 Rxe5 30. dxe5 Kxf7 1/2-1/2

[Event "Cto Equipos Aragon 2013 Preferente I"]
[Site "Aragon"]
[Date "2013.02.23"]
[Round "5.38"]
[White "Alonso Blasco, Jose Miguel"]
[Black "Puertolas Serena, Arturo"]
[Result "1-0"]
[WhiteElo "2116"]
[BlackElo "1920"]
[PlyCount "99"]
[EventDate "2013.??.??"]
[EventType "tourn"]
[EventRounds "9"]
[EventCountry "ESP"]
[WhiteTeam "Las Fuentes"]
[BlackTeam "L`Aurora Estadilla B"]

1. e4 e6 2. d4 d5 3. Nd2 Nf6 4. e5 Nfd7 5. c3 c5 6. Bd3 Nc6 7. Ne2 Qb6 8. Nf3
cxd4 9. cxd4 f6 10. exf6 Nxf6 11. O-O Bd6 12. b3 O-O 13. Bb2 Bd7 14. Rc1 Ng4
15. Ng3 Bf4 16. Ra1 e5 17. dxe5 Ncxe5 18. Bxe5 Bxe5 19. Nxe5 Nxe5 20. Bxh7+
Kxh7 21. Qh5+ Kg8 22. Qxe5 Be6 23. Nh5 Rf7 24. Nf4 Rf6 25. Rae1 Bf7 26. Nxd5
Bxd5 27. Qxd5+ Kh8 28. Re5 Rh6 29. Rh5 Rxh5 30. Qxh5+ Kg8 31. Qd5+ Kh8 32. Qf7
Rd8 33. h3 Qb4 34. Rc1 Rf8 35. Qh5+ Kg8 36. Qd5+ Kh8 37. Qc5 Qf4 38. Rc4 Qf6
39. g3 b6 40. Qh5+ Kg8 41. Qd5+ Qf7 42. Qxf7+ Rxf7 43. Kf1 Rd7 44. Ke2 Kf7 45.
Ke3 g6 46. f4 Re7+ 47. Kf3 Rd7 48. Kg4 a5 49. Rc2 Kf6 50. Rc6+ 1-0

[Event "Cto Equipos Aragon 2013 Preferente I"]
[Site "Aragon"]
[Date "2013.02.23"]
[Round "5.39"]
[White "Fuentes Espuna, Juan Antonio"]
[Black "Mombiela de Sus, Jose Luis"]
[Result "0-1"]
[WhiteElo "1912"]
[BlackElo "2030"]
[PlyCount "117"]
[EventDate "2013.??.??"]
[EventType "tourn"]
[EventRounds "9"]
[EventCountry "ESP"]
[WhiteTeam "L`Aurora Estadilla B"]
[BlackTeam "Las Fuentes"]

1. d4 f5 2. c4 Nf6 3. Nc3 e6 4. Nf3 Bb4 5. Bg5 b6 6. a3 Bxc3+ 7. bxc3 h6 8.
Bxf6 Qxf6 9. e3 O-O 10. Bd3 d6 11. e4 Nc6 12. O-O f4 13. Qb3 Kh8 14. Qb5 Bd7
15. Rfe1 e5 16. Qb2 Bg4 17. d5 Bxf3 18. gxf3 Ne7 19. Kf1 Ng6 20. Ke2 Nh4 21.
Rg1 Rac8 22. a4 Qe7 23. a5 Qd7 24. Rg4 g5 25. Bc2 Rb8 26. Ba4 Qc8 27. axb6 Rxb6
28. Qc1 Qb7 29. Bc6 Rb2+ 30. Kd3 Qb6 31. c5 dxc5 32. c4 Nxf3 33. Bb5 c6 34.
Qxb2 cxb5 35. Qxb5 Qg6 36. Rxa7 h5 37. Qxc5 Rg8 38. d6 hxg4 39. Qd5 Qf6 40. d7
g3 41. hxg3 fxg3 42. fxg3 Nd4 43. Qxg8+ Kxg8 44. Ra8+ Kh7 45. d8=Q Qf1+ 46. Kc3
Qc1+ 47. Kb4 Nc6+ 48. Kb5 Nxd8 49. Rxd8 Qb1+ 50. Ka6 Qxe4 51. Rd7+ Kg8 52. Rc7
Qa8+ 53. Kb6 Qe8 54. Kb7 Qe6 55. c5 Kf8 56. c6 Qb3+ 57. Ka8 Qa4+ 58. Kb7 Qb5+
59. Ka7 0-1

[Event "Cto Equipos Aragon 2013 Preferente I"]
[Site "Aragon"]
[Date "2013.02.23"]
[Round "5.40"]
[White "Querol Soro, Sergio"]
[Black "Pellicer Cerezuela, Miguel"]
[Result "1-0"]
[WhiteElo "1987"]
[BlackElo "1794"]
[PlyCount "63"]
[EventDate "2013.??.??"]
[EventType "tourn"]
[EventRounds "9"]
[EventCountry "ESP"]
[WhiteTeam "Las Fuentes"]
[BlackTeam "L`Aurora Estadilla B"]

1. b4 Nf6 2. Bb2 e6 3. b5 d5 4. e3 Bd6 5. Nf3 c6 6. a4 O-O 7. Be2 Re8 8. c4 b6
9. Nc3 Bb7 10. d4 Nbd7 11. O-O c5 12. cxd5 Nxd5 13. Nxd5 exd5 14. dxc5 bxc5 15.
a5 Rb8 16. Ra4 Ne5 17. Re1 Ba8 18. Qa1 f6 19. Nxe5 Bxe5 20. Rg4 c4 21. Rd1 Qd7
22. Rxc4 Qxb5 23. Rc2 Qb3 24. Bxe5 Qxc2 25. Bxb8 Rxb8 26. Bf3 Rb2 27. Rf1 Bb7
28. g3 h6 29. Qa3 f5 30. Qd6 Qd2 31. a6 Rb6 32. Qxb6 1-0

[Event "Cto Equipos Aragon 2013 Preferente I"]
[Site "Aragon"]
[Date "2013.02.23"]
[Round "5.41"]
[White "Galve Guinea, Alejandro"]
[Black "Munoz Bornao, Miguel Angel"]
[Result "1/2-1/2"]
[WhiteElo "2025"]
[BlackElo "1778"]
[PlyCount "48"]
[EventDate "2013.??.??"]
[EventType "tourn"]
[EventRounds "9"]
[EventCountry "ESP"]
[WhiteTeam "El Olivar C"]
[BlackTeam "Shatranj"]

1. Nf3 Nf6 2. c4 e6 3. Nc3 d5 4. d4 c6 5. e3 Nbd7 6. Qc2 Bd6 7. g4 dxc4 8. Bxc4
Nd5 9. Be2 N7b6 10. Bd2 Nxc3 11. Bxc3 Nd5 12. O-O-O Nxc3 13. Qxc3 Qb6 14. Kb1
Bd7 15. Ne5 Bxe5 16. dxe5 c5 17. Rd6 Qb4 18. Qxb4 cxb4 19. Bf3 Bc6 20. Bxc6+
bxc6 21. Rc1 O-O 22. Rcxc6 a5 23. Rd7 g6 24. Rcc7 Rad8 1/2-1/2

[Event "Cto Equipos Aragon 2013 Preferente I"]
[Site "Aragon"]
[Date "2013.02.23"]
[Round "5.42"]
[White "Ballonga Arruebo, Alejandro"]
[Black "Hernandez Delgado, Gabriel"]
[Result "0-1"]
[WhiteElo "1706"]
[BlackElo "1974"]
[PlyCount "50"]
[EventDate "2013.??.??"]
[EventType "tourn"]
[EventRounds "9"]
[EventCountry "ESP"]
[WhiteTeam "Shatranj"]
[BlackTeam "El Olivar C"]

1. c4 e5 2. Nc3 Nf6 3. Nf3 Nc6 4. g3 d5 5. cxd5 Nxd5 6. Bg2 Nb6 7. O-O Be7 8.
d4 exd4 9. Nb5 O-O 10. Bf4 Nd5 11. Rc1 Nxf4 12. gxf4 Bf6 13. Qa4 Bd7 14. Rfd1
a6 15. Na3 Qe7 16. Qb3 Rab8 17. Nc2 Be6 18. Qa4 b5 19. Qxa6 Rb6 20. Qa3 Qxa3
21. Nxa3 d3 22. Rxd3 Bxb2 23. Rc2 Bf6 24. Nxb5 Nb4 25. Nxc7 Nxc2 0-1

[Event "Cto Equipos Aragon 2013 Preferente I"]
[Site "Aragon"]
[Date "2013.02.23"]
[Round "5.43"]
[White "De la Riva Fernandez, Eduardo"]
[Black "Santos Hernandez, Higinio"]
[Result "1-0"]
[WhiteElo "1970"]
[BlackElo "1630"]
[PlyCount "57"]
[EventDate "2013.??.??"]
[EventType "tourn"]
[EventRounds "9"]
[EventCountry "ESP"]
[WhiteTeam "El Olivar C"]
[BlackTeam "Shatranj"]

1. e4 c5 2. Nf3 d6 3. d4 cxd4 4. Nxd4 Nf6 5. Nc3 a6 6. Be2 e6 7. a4 Be7 8. O-O
O-O 9. Kh1 Qc7 10. f4 Nbd7 11. g4 Nc5 12. Bf3 d5 13. exd5 exd5 14. g5 Nfe4 15.
Nxd5 Qd6 16. c4 Bh3 17. b4 Bxf1 18. Qxf1 Ne6 19. Nf5 Qd8 20. Nfxe7+ Kh8 21.
Bxe4 f5 22. gxf6 Rxf6 23. Nxf6 Qxe7 24. Qh3 gxf6 25. Bb2 Nd4 26. Qxh7+ Qxh7 27.
Bxh7 Kxh7 28. Bxd4 f5 29. Rg1 1-0

[Event "Cto Equipos Aragon 2013 Preferente I"]
[Site "Aragon"]
[Date "2013.02.23"]
[Round "5.44"]
[White "Alvaro Rada, Gonzalo"]
[Black "Sarto Ramos, Angel"]
[Result "0-1"]
[WhiteElo "1581"]
[BlackElo "1957"]
[PlyCount "98"]
[EventDate "2013.??.??"]
[EventType "tourn"]
[EventRounds "9"]
[EventCountry "ESP"]
[WhiteTeam "Shatranj"]
[BlackTeam "El Olivar C"]

1. e4 c6 2. d4 g6 3. Nf3 d5 4. e5 Bf5 5. Bd3 Bxd3 6. Qxd3 e6 7. Nc3 Nd7 8. O-O
Ne7 9. Ne2 Nf5 10. Bg5 Be7 11. Bxe7 Qxe7 12. Qd2 a6 13. b3 c5 14. c3 Rc8 15.
Rfc1 h6 16. g4 Nh4 17. Nxh4 Qxh4 18. Qf4 h5 19. g5 Qxf4 20. Nxf4 Nb6 21. h4 c4
22. Ne2 Kd7 23. Rcb1 Rc7 24. b4 Na4 25. a3 b5 26. Ra2 Ra8 27. Rc2 a5 28. bxa5
Rxa5 29. Rb4 Rca7 30. Kf1 Kc7 31. Ke1 Nb6 32. Rcb2 Rxa3 33. Rxb5 Na4 34. Rc2
Rb3 35. Rb4 Rxb4 36. cxb4 Rb7 37. b5 Rxb5 38. Ra2 Rb1+ 39. Kd2 Rb2+ 40. Rxb2
Nxb2 41. Nc3 Nd3 42. Ke3 Ne1 43. Kf4 Kb6 44. Kg3 Nc2 45. Ne2 Ka5 46. f4 Ne3 47.
Kf3 Nf5 48. Ng3 Nxg3 49. Kxg3 c3 0-1

[Event "Cto Equipos Aragon 2013 Preferente I"]
[Site "Aragon"]
[Date "2013.02.23"]
[Round "5.45"]
[White "Antonano Fernandez, Avelino"]
[Black "Gomez Salinas, Nestor"]
[Result "0-1"]
[WhiteElo "2099"]
[BlackElo "1883"]
[PlyCount "72"]
[EventDate "2013.??.??"]
[EventType "tourn"]
[EventRounds "9"]
[EventCountry "ESP"]
[WhiteTeam "St. Casablanca C"]
[BlackTeam "Ramiro C"]

1. e4 c5 2. Nf3 d6 3. d4 cxd4 4. Nxd4 Nf6 5. Nc3 a6 6. Bc4 e6 7. Bb3 Be7 8. O-O
O-O 9. Be3 Qc7 10. a4 Nc6 11. f4 Na5 12. f5 Nc4 13. Bxc4 Qxc4 14. Qf3 Nd7 15.
Qg3 Bf6 16. Rad1 Be5 17. Qh3 Nf6 18. g4 exf5 19. gxf5 g6 20. Qh4 Kh8 21. Nf3
Bxc3 22. bxc3 Nh5 23. Rxd6 b5 24. Qe7 Bxf5 25. Bd4+ Kg8 26. exf5 Rae8 27. Qg5
Qc7 28. Rxa6 Qb7 29. Rb6 Qe4 30. f6 Qe2 31. axb5 Re4 32. Qd2 Rg4+ 33. Kh1 Qxf1+
34. Ng1 Nf4 35. Qf2 Rxg1+ 36. Qxg1 Qf3+ 0-1

[Event "Cto Equipos Aragon 2013 Preferente I"]
[Site "Aragon"]
[Date "2013.02.23"]
[Round "5.46"]
[White "Abad Vinas, Jesus Manuel"]
[Black "Alvarez Gonzalo, Miguel Angel"]
[Result "1/2-1/2"]
[WhiteElo "1872"]
[BlackElo "1973"]
[PlyCount "74"]
[EventDate "2013.??.??"]
[EventType "tourn"]
[EventRounds "9"]
[EventCountry "ESP"]
[WhiteTeam "Ramiro C"]
[BlackTeam "St. Casablanca C"]

1. Nf3 Nf6 2. c4 e6 3. g3 g6 4. Nc3 Bg7 5. Bg2 O-O 6. e4 d6 7. O-O Nbd7 8. d3
e5 9. Bg5 c6 10. Qd2 Nc5 11. b4 Ne6 12. Bh6 Qc7 13. Bxg7 Kxg7 14. Nh4 Rb8 15.
Kh1 Nh5 16. Rac1 Qe7 17. Bf3 Nf6 18. Ne2 Nd4 19. Nxd4 exd4 20. Qg5 Ng8 21. Qd2
Bh3 22. Bg2 Bxg2+ 23. Kxg2 Nh6 24. h3 c5 25. f4 f5 26. Rfe1 b6 27. e5 Rf7 28.
Nf3 Qc7 29. Re2 Re7 30. Rce1 Rbe8 31. bxc5 bxc5 32. exd6 Qxd6 33. Kf2 Nf7 34.
Qb2 Rxe2+ 35. Rxe2 Rxe2+ 36. Qxe2 Kf6 37. Qe8 Qb6 1/2-1/2

[Event "Cto Equipos Aragon 2013 Preferente I"]
[Site "Aragon"]
[Date "2013.02.23"]
[Round "5.47"]
[White "Calvo Mayayo, Jose Maria"]
[Black "Iglesias Fernandez, Luis"]
[Result "0-1"]
[WhiteElo "1929"]
[BlackElo "1862"]
[PlyCount "108"]
[EventDate "2013.??.??"]
[EventType "tourn"]
[EventRounds "9"]
[EventCountry "ESP"]
[WhiteTeam "St. Casablanca C"]
[BlackTeam "Ramiro C"]

1. c4 e5 2. g3 f5 3. Bg2 Nf6 4. Nc3 Bc5 5. e3 O-O 6. Nge2 c6 7. d4 exd4 8. exd4
Bb6 9. O-O d6 10. b4 c5 11. bxc5 dxc5 12. d5 Bc7 13. Bf4 Nbd7 14. d6 Bb8 15.
Nd5 Nb6 16. Ne7+ Kh8 17. Nxc8 Qxc8 18. Qc2 Ne4 19. Bxe4 fxe4 20. Qxe4 Re8 21.
Qf3 Nxc4 22. Rfd1 Rd8 23. Qd5 Nxd6 24. Rac1 c4 25. Rxc4 Qg4 26. f3 Qg6 27. Be5
Bc7 28. Rg4 Nf7 29. Qb3 Rxd1+ 30. Qxd1 Ng5 31. Bxg7+ Qxg7 32. Nf4 Bxf4 33. gxf4
Nh3+ 34. Kg2 Nxf4+ 35. Kg3 Ng6 36. Qb3 Rf8 37. h4 Qe5+ 38. Kh3 Nf4+ 39. Kg3
Qe1+ 40. Kh2 Qf2+ 41. Kh1 Qf1+ 42. Kh2 Qh3+ 43. Kg1 Ne2+ 44. Kf2 Qh2+ 45. Rg2
Qe5 46. Qe3 Qxe3+ 47. Kxe3 Re8+ 48. Kd2 Nf4 49. Rg4 Ng6 50. h5 Ne5 51. Rg3 Rf8
52. Ke3 Rxf3+ 53. Rxf3 Nxf3 54. Kxf3 Kg7 0-1

[Event "Cto Equipos Aragon 2013 Preferente I"]
[Site "Aragon"]
[Date "2013.02.23"]
[Round "5.48"]
[White "Gaston Cabello, Jorge Luis"]
[Black "Lafarga Bueno, Daniel"]
[Result "0-1"]
[WhiteElo "1806"]
[BlackElo "1886"]
[PlyCount "68"]
[EventDate "2013.??.??"]
[EventType "tourn"]
[EventRounds "9"]
[EventCountry "ESP"]
[WhiteTeam "Ramiro C"]
[BlackTeam "St. Casablanca C"]

1. c4 Nf6 2. Nc3 e6 3. g3 d5 4. d4 Be7 5. Bg2 O-O 6. Nf3 c6 7. c5 Nbd7 8. O-O
a5 9. Qa4 b5 10. cxb6 Qxb6 11. e3 Ba6 12. Rd1 Rfc8 13. Bd2 Qxb2 14. Rab1 Qa3
15. Qc2 Rab8 16. Bf1 Bxf1 17. Kxf1 Qd6 18. Ne2 c5 19. Bxa5 cxd4 20. Rxb8 Qxb8
21. Qd2 dxe3 22. fxe3 Ne4 23. Qe1 Qa7 24. Ned4 Qa6+ 25. Kg2 e5 26. Nb3 Rc2+ 27.
Kg1 Qc4 28. Nfd2 Qa4 29. Nxe4 Qxe4 30. Rd2 Bg5 31. Rxc2 Qxc2 32. Qf2 Qb1+ 33.
Kg2 Qe4+ 34. Kg1 Bxe3 0-1